000 01140nam a2200301 i 4500
001 178789
003 ES-MaACL
005 20250804062632.0
008 110629s2003 sp |||| | spa d
020 _a84-89794-62-6
080 _a821.134.2-31"18"
100 1 _aPérez Galdós, Benito,
_d1843-1920
_990871
245 1 0 _aTorquemada en la hoguera
_b; Torquemada en la cruz ; Torquemada en el purgatorio ; Torquemada y San Pedro /
_cBenito Pérez Galdós ; [ed. de Domingo Ynduráin].
246 3 7 _aLas novelas de Torquemada
260 _aMadrid :
_bFundación José Antonio de Castro,
_c[2003]
300 _aXV, 805 p. ;
_c23 cm.
490 1 _aBiblioteca Castro
490 1 _aNovelas contemporáneas ;
_v8
700 0 _aYnduráin, Domingo,
_d1943-2003
_9117645
710 2 _aFundación José Antonio de Castro.
_94339
740 0 2 _aTorquemada en la cruz.
740 0 2 _aTorquemada en el purgatorio.
740 0 2 _aTorquemada y San Pedro.
830 0 _aBiblioteca Castro
_9178957
830 0 _aNovelas contemporáneas ;
_v8
_9191030
852 _aES-MaACL
_jP-2008
_z- Enc. tela verde
999 _c178789
_d178789